Surplus to requirements (Record no. 79791)
[ view plain ]
| 000 -LEADER | |
|---|---|
| fixed length control field | 01041cad a22001935a 4500 |
| 001 - CONTROL NUMBER | |
| control field | L142365 |
| 008 - FIXED-LENGTH DATA ELEMENTS--GENERAL INFORMATION | |
| fixed length control field | 080208e20080125xxk f 000 0 eng d |
| 035 ## - SYSTEM CONTROL NUMBER | |
| System control number | (Sirsi) u142365 |
| 041 0# - LANGUAGE CODE | |
| Language code of text/sound track or separate title | eng |
| 100 1# - MAIN ENTRY--PERSONAL NAME | |
| Personal name | Thorpe, Caroline |
| 245 00 - TITLE STATEMENT | |
| Title | Surplus to requirements |
| 260 ## - PUBLICATION, DISTRIBUTION, ETC. | |
| Date of publication, distribution, etc. | 2008 |
| 490 ## - SERIES STATEMENT | |
| Series statement | Inside Housing |
| Volume/sequential designation | 25 January 2008, 33-35(2) |
| 520 ## - SUMMARY, ETC. | |
| Summary, etc. | Examines the opportunities for development offered by surplus public land. Provides an overview of the options available in these circumstances: outright purchase, acting as an agent to the landowner, acting as a consultant to the landowner, or providing the landowner with terms, conditions and price quality standards. Such areas, which by nature are each unique, may offer opportunities to help meet the government's homebuilding targets. Considers whether such land plots can satisfy heritage organisations as well as planners. Community development issues are addressed. |
| 590 ## - LOCAL NOTE (RLIN) | |
| Local note | KA |
| 651 #4 - SUBJECT ADDED ENTRY--GEOGRAPHIC NAME | |
| Geographic name | United Kingdom |
| Chronological subdivision | |
| 690 ## - LOCAL SUBJECT ADDED ENTRY--TOPICAL TERM (OCLC, RLIN) | |
| Topical term or geographic name as entry element | Planning and development |
| 9 (RLIN) | 6259 |
| 942 ## - ADDED ENTRY ELEMENTS (KOHA) | |
| Suppress in OPAC | 0 |
| Withdrawn status | Lost status | Source of classification or shelving scheme | Damaged status | Not for loan | Home library | Current library | Shelving location | Date acquired | Total Checkouts | Full call number | Barcode | Date last seen | Copy number | Price effective from | Koha item type |
|---|---|---|---|---|---|---|---|---|---|---|---|---|---|---|---|
| Dewey Decimal Classification | London | London | Journal article | 08/02/2008 | L142365 | 142365-1001 | 06/08/2019 | 1 | 06/08/2019 | Journal article |